| 000 | 01105nam a22002657a 4500 | ||
|---|---|---|---|
| 005 | 20170124102949.0 | ||
| 010 | _a805403 | ||
| 020 | _c45.00 | ||
| 035 | _a805403 | ||
| 037 | _bCen Lib/Ret | ||
| 040 |
_aDPL _bHN |
||
| 082 |
_a822.08 _bमालीशि |
||
| 100 |
_aमाली, शिवराम _9210 |
||
| 245 |
_aस्वच्छन्दतावादी नाटक और मनोविज्ञान / _cशिवराम माली |
||
| 246 |
_aSwachchhandatavadi natak aur manovgyan / _bby Shivram Mali |
||
| 260 |
_aकानपूर _bपुस्तक संस्थान _c1976 |
||
| 270 |
_bकानपूर _a109/50ए , नेहरु नगर _e20801 |
||
| 300 |
_a352पृ. _c21सेमी (सजिल्द) |
||
| 500 | _aपरिशिष्ट और सन्दर्भ सूची शामिल | ||
| 650 |
_aहिन्दी साहित्य _950862 |
||
| 650 |
_aनाटक _950863 |
||
| 650 |
_aHindi literature _950864 |
||
| 650 |
_aNovel _922513 |
||
| 942 |
_2ddc _cHN _h822.08 _mमालीशि |
||
| 999 |
_c113149 _d113149 |
||